| 000 | 00690nam a22002057a 4500 | ||
|---|---|---|---|
| 003 | OSt | ||
| 005 | 20230928084200.0 | ||
| 008 | 221006b |||||||| |||| 00| 0 eng d | ||
| 040 | _cBiblioteca Lado V | ||
| 082 |
_a700 _bM986l |
||
| 110 |
_91109 _aMuseo Municipal de Bellas Artes Juan Manuel Blanes _eautor |
||
| 245 | _aLanzarini/ | ||
| 260 |
_bIntendencia Municipal de Montevideo _c1995 _aMontevideo, Uruguay |
||
| 300 |
_c20x20cm _a8p. |
||
| 366 | _espa | ||
| 650 |
_2Tesauro de Arte & Arquitectura _aARTE _9703 |
||
| 650 |
_2Tesauro de Arte & Arquitectura _aTEORÍA _9702 |
||
| 650 |
_2Tesauro de Arte & Arquitectura _aLENIN _9702 |
||
| 942 |
_2ddc _c1 _h700 _iM986l _n0 |
||
| 999 |
_c4399 _d4399 |
||